Opening Pandora's box - the Method of Measurement for Highway Works (MMHW): Part 9 - between a rock and a hard place (Record no. 74972)
[ view plain ]
| 000 -LEADER | |
|---|---|
| fixed length control field | 01777cab a2200253 4500 |
| 001 - CONTROL NUMBER | |
| control field | ABS68871 |
| 008 - FIXED-LENGTH DATA ELEMENTS--GENERAL INFORMATION | |
| fixed length control field | 050324n2005 000 0 eng u |
| 035 ## - SYSTEM CONTROL NUMBER | |
| System control number | (Sirsi) u129155 |
| 100 ## - MAIN ENTRY--PERSONAL NAME | |
| Personal name | Mitchell, H. |
| 245 ## - TITLE STATEMENT | |
| Title | Opening Pandora's box - the Method of Measurement for Highway Works (MMHW): Part 9 - between a rock and a hard place |
| 260 ## - PUBLICATION, DISTRIBUTION, ETC. | |
| Date of publication, distribution, etc. | 2005 |
| 490 ## - SERIES STATEMENT | |
| Series statement | Civil Engineering Surveyor |
| Volume/sequential designation | March 2005, 31-33(3) |
| 520 ## - SUMMARY, ETC. | |
| Summary, etc. | Looks at the measurement of rock when defined as a hard material in a contract document. The current definition has evolved into a material so designated in the Preambles to the Bill of Quantities and/or material which requires the use of blasting, breakers or splitters for its removal but excluding individual masses less than 0.20 cubic metres. Outlines the three options for the designation of hard material as designated strata, designated deposits with limits shown in the drawings and existing pavements, footways, paved areas and foundations. Concludes that in order to make the system of measurement of hard materials work the measurer should determine the need for hard material excavation, define what is considered hard material in accordance with the MMHW/MMRW, properly consider hard material in the contract documents and reflect the true cost of hard material excavation in the cost estimates. (See also Abs67770, Abs67769, Abs67964, Abs68163, Abs68280, Abs68473, Abs68677). |
| 590 ## - LOCAL NOTE (RLIN) | |
| Local note | ABS |
| 650 ## - SUBJECT ADDED ENTRY--TOPICAL TERM | |
| Topical term or geographic name entry element | ROCKS |
| 650 ## - SUBJECT ADDED ENTRY--TOPICAL TERM | |
| Topical term or geographic name entry element | BILLS OF QUANTITIES |
| 650 ## - SUBJECT ADDED ENTRY--TOPICAL TERM | |
| Topical term or geographic name entry element | METHODS OF MEASUREMENT |
| 650 ## - SUBJECT ADDED ENTRY--TOPICAL TERM | |
| Topical term or geographic name entry element | BUILT ENVIRONMENT-QUANTITY SURVEYING-METHOD OF MEASUREMENT FOR HIGHWAY WORKS |
| 650 ## - SUBJECT ADDED ENTRY--TOPICAL TERM | |
| Topical term or geographic name entry element | MMRW |
| 650 ## - SUBJECT ADDED ENTRY--TOPICAL TERM | |
| Topical term or geographic name entry element | HIGHWAY ENGINEERING |
| 650 ## - SUBJECT ADDED ENTRY--TOPICAL TERM | |
| Topical term or geographic name entry element | CIVIL ENGINEERING |
| 690 ## - LOCAL SUBJECT ADDED ENTRY--TOPICAL TERM (OCLC, RLIN) | |
| Topical term or geographic name as entry element | Quantity surveying |
| 9 (RLIN) | 6263 |
| 942 ## - ADDED ENTRY ELEMENTS (KOHA) | |
| Suppress in OPAC | 0 |
| Withdrawn status | Lost status | Source of classification or shelving scheme | Damaged status | Not for loan | Home library | Current library | Shelving location | Date acquired | Total Checkouts | Full call number | Barcode | Date last seen | Copy number | Price effective from | Koha item type |
|---|---|---|---|---|---|---|---|---|---|---|---|---|---|---|---|
| Dewey Decimal Classification | London | London | Journal article | 24/03/2005 | ABS68871 | 129155-1001 | 06/08/2019 | 1 | 06/08/2019 | Journal article |